000 00697nam a2200217Ia 4500
003 IN-BaIIA
008 211028s9999 xx 000 0 eng d
020 _a0-12-123420-7
040 _cIIA Library
080 _a517.95
_bBRA
245 0 _aMultiple time scales
_cedited by Jeremiah U. Brackbill and Bruce I. Cohen
260 _aOrlando
_bAcademic Press
_c1985
300 _axiii, 442p.
490 _aComputational Techniques ; v. 3
650 _aMultiple Scales
_915380
650 _aPartial Differential Equations
650 _aTime Scales
_915381
700 _aBrackbill, Jeremiah U., ed.
_915382
700 _aCohen, Bruce I., ed.
_915383
942 _cBK
999 _c9153
_d9153